Catalog

Record Details

Catalog Search



Memento  Cover Image Book Book

Memento / Radek John

John, Radek, 1954- (Author).

Record details

  • Physical Description: 289 s. ; 20 cm
  • Edition: 2. vyd.
  • Publisher: Praha : Československý spisovatel, 1987

Content descriptions

General Note:
50000 výt.
Genre: romány

Available copies

  • 1 of 1 copy available at Common Catalog SPOK.

Holds

  • 0 current holds with 1 total copy.
Show All Copies
Location Call Number / Copy Notes Barcode Shelving Location Status Due Date
KDS Library 810 JoR 204576800637 Library Available -

LDR 00731nam a2200265 4500
00120289
003CZ-PrJAB
00520150707084813.0
007ta
008870703s1987 xr u0|0 cze
015 . ‡acnb000030491
020 . ‡q(Brož.) : ‡cKčs 21,00
035 . ‡a(CZ PrNK)ck8702246
035 . ‡a(OCoLC)16687855
040 . ‡aABA001 ‡bcze ‡dABA001
080 . ‡a885.0-31 ‡2undef
1001 . ‡aJohn, Radek, ‡d1954- ‡7jk01052046 ‡4aut
24510. ‡aMemento / ‡cRadek John
250 . ‡a2. vyd.
260 . ‡aPraha : ‡bČeskoslovenský spisovatel, ‡c1987 ‡e(Vimperk : ‡fStráž)
300 . ‡a289 s. ; ‡c20 cm
500 . ‡a50000 výt.
655 7. ‡aromány ‡7fd133289 ‡2czenas
910 . ‡aABE463
964 . ‡atoxikománie - mládež - romány
998 . ‡a000030491
901 . ‡a20289 ‡b ‡c20289 ‡tbiblio

Additional Resources